000 00587cam a2200217u 4500
999 _c5239
_d5239
001 7949846
003 GBCCL
005 20241126110536.0
008 830202s1959 miua 000 0 eng
010 _a 59004291
040 _aDLC
_cCarP
_dDLC
050 0 0 _aBV210.2
_b.R5
082 _a248.32
_bRIN
100 1 _aRinker, Rosalind.
_95019
245 1 0 _aPrayer; conversing with God.
260 _aGrand Rapids,
_bZondervan Pub. House
_c[1959]
300 _a116 p.
_billus.
_c20 cm.
650 0 _aPrayer.
_9332
906 _a0
_bcbc
_cpremunv
_du
_encip
_f19
_gy-gencatlg
942 _2ddc
_cBK
_03